000 01133cab a2200205 4500
001 ##L134500
008 060811n2006 000 0 eng u
035 _a(Sirsi) u134500
041 0 _aeng
110 2 _aBuilding Research Establishment
245 0 0 _aBath builds a greener future for construction materials
260 _c2006
490 0 _aBRE News Release
_v7 August 2006
520 _aThe University of Bath and the BRE have joined together to establish a new research centre, the BRE Centre in Innovative Construction Materials. The centre will promote research into new construction materials, and explore innovative ways of using traditional materials, such as timber and masonry, in modern sustainable building. It will also consider crop-based and natural fibre composite materials, such as hemp, advanced fibre composites, the use of steel, and the use of waste and recycled materials.
590 _aIKA220806
651 4 _aInternational
690 _aBUILT ENVIRONMENT-BUILDING MATERIALS
856 4 0 _uhttps://www.bre.co.uk/newsdetails.jsp?id=407
_zView the item free of charge at www.bre.co.uk/...
942 _n0
999 _c77542
_d77542